[Event "IX Festival Open"]
[Site "Amantea ITA"]
[Date "2011.09.11"]
[Round "8"]
[White "Morelli, Gaetano"]
[Black "Sorbelli, Massimo"]
[Result "1-0"]
[WhiteElo "1852"]
[BlackElo "1896"]
[PlyCount "71"]
[EventDate "2011.09.04"]

1. e4 e5 2. Nf3 Nf6 3. Nc3 Nc6 4. d4 exd4 5. Nxd4 Nxd4 6. Qxd4 d6 7. Nd5 c6 8.
Nxf6+ Qxf6 9. Qxf6 gxf6 10. Bf4 f5 11. Bd3 fxe4 12. Bxe4 Be6 13. Bg5 Bg7 14.
O-O a5 15. a4 h5 16. Rab1 h4 17. b4 Ba2 18. Rbc1 Kd7 19. b5 Rh5 20. bxc6+ bxc6
21. Bd2 Bc4 22. Bd3 Bxd3 23. cxd3 Rd5 24. Rb1 Kc7 25. Rb3 Rb8 26. Rfb1 Rxb3 27.
Rxb3 Bd4 28. Be3 Re5 29. Bd2 Kd7 30. Rb7+ Ke6 31. Kf1 Rf5 32. f4 Rc5 33. Ke2
Rc2 34. Kd1 Ra2 35. g4 h3 36. f5+ 1-0

[Event "IX Festival Open"]
[Site "Amantea ITA"]
[Date "2011.09.11"]
[Round "8"]
[White "Panariello, Francesco"]
[Black "Pelyushenko, Anton"]
[Result "0-1"]
[WhiteElo "1766"]
[BlackElo "1692"]
[PlyCount "124"]
[EventDate "2011.09.04"]

1. d4 Nf6 2. Nf3 g6 3. c4 Bg7 4. Nc3 d5 5. cxd5 Nxd5 6. e4 Nxc3 7. bxc3 c5 8.
Be3 O-O 9. Rc1 Qa5 10. Bc4 Rd8 11. O-O b5 12. Bd5 Rxd5 13. exd5 cxd4 14. cxd4
Bb7 15. Qb3 Nd7 16. Ng5 Nf6 17. Rc5 h6 18. Rxb5 Qd8 19. Rxb7 hxg5 20. Bxg5 Nxd5
21. a4 f6 22. Be3 Kh7 23. Rb1 a6 24. Rb8 Rxb8 25. Qxb8 Qd7 26. Qb3 f5 27. Qb7
Qe6 28. Qb3 Qd7 29. g3 Nxe3 30. fxe3 g5 31. Qf7 f4 32. Qh5+ Bh6 33. Qf7+ Bg7
34. Rb6 Qc7 35. Rg6 Qc1+ 36. Kg2 Qc2+ 37. Kf3 Qxg6 38. Qxe7 Qh5+ 39. Kg2 Qe2+
40. Kh3 Qxe3 41. Qxg5 Qe6+ 42. Kg2 fxg3 43. Qh4+ Bh6 44. hxg3 Kg6 45. Qd8 Qe4+
46. Kf1 Qf3+ 47. Ke1 Qxg3+ 48. Ke2 Qe3+ 49. Kf1 Qd3+ 50. Kg2 Qe2+ 51. Kg3 Qe3+
52. Kg2 Qe4+ 53. Kf1 Qf3+ 54. Ke1 Qc3+ 55. Kf1 Qf3+ 56. Ke1 Qh1+ 57. Ke2 Qg2+
58. Kd3 Qd2+ 59. Ke4 Qc2+ 60. Kd5 Qb3+ 61. Kc5 Bf8+ 62. Qxf8 Qa3+ 0-1

[Event "IX Festival Open"]
[Site "Amantea ITA"]
[Date "2011.09.11"]
[Round "8"]
[White "Paragliola, Gennaro"]
[Black "Galante, Benedetto"]
[Result "1/2-1/2"]
[WhiteElo "1576"]
[BlackElo "1682"]
[PlyCount "74"]
[EventDate "2011.09.04"]

1. d4 d5 2. c4 c6 3. cxd5 cxd5 4. Nc3 Nf6 5. Nf3 Bf5 6. Bg5 Nbd7 7. e3 a6 8.
Qb3 Ne4 9. Qxd5 Nxc3 10. bxc3 Bg6 11. Qxb7 f6 12. Bf4 Qc8 13. Qxc8+ Rxc8 14. c4
e6 15. c5 Be7 16. Bxa6 Ra8 17. Bb5 Be4 18. O-O g5 19. Bc7 Rc8 20. Bb6 Rb8 21.
a4 g4 22. Nd2 Ba8 23. a5 Bd8 24. Bxd7+ Kxd7 25. Bxd8 Rhxd8 26. Nc4 Rb4 27. Nb6+
Kc6 28. Nxa8 Rxa8 29. f4 f5 30. Kf2 h5 31. h3 Rb2+ 32. Kg1 gxh3 33. gxh3 Rg8+
34. Kh1 Rg3 35. Rfb1 Rxh3+ 36. Kg1 Rg3+ 37. Kh1 Rh3+ 1/2-1/2

[Event "IX Festival Open"]
[Site "Amantea ITA"]
[Date "2011.09.11"]
[Round "8"]
[White "Preiti, Salvatore"]
[Black "Mileo, Miguelito"]
[Result "1-0"]
[WhiteElo "1661"]
[BlackElo "1833"]
[PlyCount "63"]
[EventDate "2011.09.04"]

1. e4 d6 2. d4 Nf6 3. Nc3 Nbd7 4. Nf3 e5 5. dxe5 dxe5 6. Bc4 h6 7. O-O c6 8.
Be3 Be7 9. Qe2 Qc7 10. Rad1 Nf8 11. h3 g5 12. Bxg5 Bxh3 13. gxh3 Rg8 14. h4 Ne6
15. Bxe6 fxe6 16. Qc4 Kf7 17. Kh1 hxg5 18. Nxg5+ Rxg5 19. hxg5 Rh8+ 20. Kg2 Nh5
21. Ne2 Qc8 22. Ng3 Bxg5 23. Nxh5 Rxh5 24. Rh1 Bh4 25. Qe2 Qg8+ 26. Kf1 Rh7 27.
Rd7+ Be7 28. Rxh7+ Qxh7 29. Qf3+ Ke8 30. Rxb7 Qh6 31. Ke2 Qc1 32. Qh5+ 1-0

[Event "IX Festival Open"]
[Site "Amantea ITA"]
[Date "2011.09.11"]
[Round "8"]
[White "Rametta, Marcello"]
[Black "Valotta, Massimiliano"]
[Result "0-1"]
[WhiteElo "1748"]
[BlackElo "1855"]
[PlyCount "65"]
[EventDate "2011.09.04"]

1. e4 g6 2. Bc4 d6 3. d3 Bg7 4. c3 Nf6 5. h3 e5 6. Nf3 O-O 7. Bg5 h6 8. Bh4 Be6
9. Nbd2 Bxc4 10. Nxc4 b5 11. Ne3 Qd7 12. Qd2 g5 13. Bg3 Nc6 14. Nf5 Ne7 15.
Nxg7 Kxg7 16. h4 g4 17. Nh2 Nh5 18. Qe3 f5 19. f4 Ng6 20. exf5 exf4 21. Qd4+
Ne5 22. Bxf4 Nxf4 23. Kd2 Qxf5 24. Rae1 Qxd3+ 25. Qxd3 Nfxd3 26. Re2 h5 27. Nf1
Nf2 28. Rg1 Nc4+ 29. Kc2 Rae8 30. Rxe8 Rxe8 31. Ng3 Kg6 32. Kb3 Nd3 33. Rf1 0-1

[Event "IX Festival Open"]
[Site "Amantea ITA"]
[Date "2011.09.11"]
[Round "8"]
[White "Scerra, Ezio"]
[Black "Crippa, Oscar"]
[Result "1/2-1/2"]
[WhiteElo "1512"]
[BlackElo "1673"]
[PlyCount "146"]
[EventDate "2011.09.04"]

1. c4 Nf6 2. Nc3 e6 3. g3 d5 4. cxd5 exd5 5. d4 c6 6. Bg2 Bd6 7. Nf3 O-O 8. Qd3
Bg4 9. O-O Re8 10. Bg5 Nbd7 11. Rfe1 h6 12. Bxf6 Nxf6 13. Nd2 Bh5 14. f3 Qb6
15. Kh1 Rab8 16. e4 dxe4 17. fxe4 Ng4 18. Rf1 Rbd8 19. Nc4 Qc7 20. Nxd6 Qxd6
21. d5 Qc5 22. Qf3 Nf6 23. Qf2 Qxf2 24. Rxf2 Ng4 25. Rf4 g5 26. Rf3 cxd5 27.
exd5 Ne3 28. Rf2 Nxg2 29. Kxg2 Bg6 30. Rd1 a6 31. Rd4 b5 32. d6 b4 33. Nd5 Re6
34. Nxb4 Rexd6 35. Rxd6 Rxd6 36. a3 Be4+ 37. Kf1 f5 38. Na2 Kg7 39. Nc3 Bd3+
40. Ke1 Kg6 41. Rd2 Re6+ 42. Kf2 Bc4 43. Rd4 Bb3 44. Rb4 Bc2 45. Rd4 Bb3 46.
Rd2 Kh5 47. Nd5 Kg6 48. Nb4 a5 49. Nd5 Kf7 50. Ne3 Kg6 51. Nc2 Bxc2 52. Rxc2
Rb6 53. Ke3 h5 54. h4 Rb3+ 55. Kf2 g4 56. Rc6+ Kg7 57. Rc2 a4 58. Kg2 Kf6 59.
Re2 Rb5 60. Kf2 Rb3 61. Kg2 Rf3 62. Rf2 Re3 63. Rf4 Re4 64. Rf2 Ke5 65. Kg1 Re3
66. Kg2 Re4 67. Rc2 Kd4 68. Rf2 Re5 69. Rf4+ Kd3 70. Rxa4 Re2+ 71. Kf1 Rxb2 72.
Rf4 Ra2 73. Rxf5 Rxa3 1/2-1/2

[Event "IX Festival Open"]
[Site "Amantea ITA"]
[Date "2011.09.11"]
[Round "8"]
[White "Serratore, Vincenzo"]
[Black "Donati, Michele"]
[Result "0-1"]
[WhiteElo "1859"]
[BlackElo "1703"]
[PlyCount "80"]
[EventDate "2011.09.04"]

1. d4 d5 2. Nd2 Nf6 3. e3 c6 4. Bd3 Nbd7 5. f4 e6 6. Ngf3 Bd6 7. Ne5 O-O 8.
Ndf3 c5 9. c3 Ne4 10. h4 cxd4 11. exd4 f6 12. Qc2 fxe5 13. fxe5 Be7 14. Bxe4
dxe4 15. Qxe4 Rb8 16. Bd2 b5 17. a3 Bb7 18. Qg4 Bxf3 19. gxf3 Rb6 20. O-O-O Rf7
21. Bg5 Bxg5+ 22. hxg5 g6 23. f4 Nf8 24. Rhf1 Qd5 25. Qf3 Qxf3 26. Rxf3 Rf5 27.
d5 exd5 28. Rxd5 Ne6 29. Kd2 Nxg5 30. Rd8+ Kf7 31. Rfd3 Rxf4 32. R3d7+ Ke6 33.
Rxa7 Kxe5 34. Re7+ Re6 35. Red7 Rf2+ 36. Kd3 Rxb2 37. Rd4 h6 38. R4d5+ Kf6 39.
Rh8 Rh2 40. Rxb5 Rh3+ 0-1

[Event "IX Festival Open"]
[Site "Amantea ITA"]
[Date "2011.09.11"]
[Round "8"]
[White "Tricomi, Massimo"]
[Black "Stoja, Rocco"]
[Result "0-1"]
[WhiteElo "1889"]
[BlackElo "1772"]
[PlyCount "116"]
[EventDate "2011.09.04"]

1. b3 e5 2. Bb2 Nc6 3. e3 Nf6 4. Bb5 d6 5. Ne2 a6 6. Bxc6+ bxc6 7. c4 g6 8. O-O
Bg7 9. f4 e4 10. Ng3 O-O 11. Nc3 d5 12. Qc2 h5 13. Rac1 Ng4 14. Nce2 Qh4 15. h3
Nh6 16. Bxg7 Kxg7 17. cxd5 cxd5 18. Qxc7 Re8 19. f5 gxf5 20. Qf4 Qxf4 21. Nxf4
h4 22. Ngh5+ Kh8 23. Nf6 Rd8 24. Rc7 d4 25. Rfc1 dxe3 26. dxe3 Kg7 27. N6d5 Rb8
28. R1c6 Ng8 29. Ne7 Nxe7 30. Rxe7 Rb7 31. Rcc7 Rxc7 32. Rxc7 Kf6 33. Rc6+ Kg5
34. Kf2 a5 35. Rc5 a4 36. bxa4 Ba6 37. Rd5 Rc8 38. Ra5 Rc2+ 39. Ke1 Bd3 40. a3
Ra2 41. Rd5 Rxa3 42. Nxd3 exd3 43. a5 Ra2 44. Rxd3 Rxa5 45. Rd4 Re5 46. Kf2 Re4
47. Kf3 Re5 48. Ra4 Re6 49. Ra8 Rg6 50. Ra7 Rf6 51. Ra8 Rc6 52. Rg8+ Rg6 53.
Re8 Re6 54. Rh8 Rb6 55. e4 Rb3+ 56. Kf2 fxe4 57. Rg8+ Kh5 58. g4+ hxg3+ 0-1

[Event "IX Festival Open"]
[Site "Amantea ITA"]
[Date "2011.09.11"]
[Round "8"]
[White "Vasta, Armando"]
[Black "Russo, Arianna"]
[Result "0-1"]
[WhiteElo "1545"]
[BlackElo "1696"]
[PlyCount "124"]
[EventDate "2011.09.04"]

1. d4 Nf6 2. c4 g6 3. Nc3 Bg7 4. e4 d6 5. f3 O-O 6. Nge2 Nbd7 7. Be3 e5 8. d5
a5 9. g4 Nc5 10. Ng3 b6 11. Qd2 Bd7 12. h4 Rb8 13. h5 Qe7 14. hxg6 fxg6 15. Bg5
a4 16. Rh3 h5 17. Rh4 hxg4 18. fxg4 Kf7 19. Be2 Rh8 20. O-O-O Rxh4 21. Bxh4 Rh8
22. Bg5 Ke8 23. Rh1 Rxh1+ 24. Nxh1 Qf8 25. Nf2 Qh8 26. Qe3 Ng8 27. Qg3 Bh6 28.
Qh4 Bxg5+ 29. Qxg5 Qh6 30. Qxh6 Nxh6 31. g5 Nf7 32. Kd2 Nxg5 33. Ke3 Ke7 34.
Ng4 Nh3 35. Nh6 Nf4 36. Bd1 Kf8 37. Ng4 Kg7 38. Nh2 Kh6 39. Nb1 Kg5 40. Nf3+
Kf6 41. Nbd2 g5 42. Nh2 Kg6 43. Ndf1 b5 44. cxb5 Bxb5 45. Nd2 Bd3 46. b3 axb3
47. axb3 Ng2+ 48. Kf2 Nxe4+ 49. Nxe4 Bxe4 50. Nf3 Nh4 51. Nd2 Bxd5 52. b4 Kf5
53. Kg3 e4 54. Nf1 Nf3 55. Ne3+ Ke5 56. Nc2 Bb3 57. Bxf3 exf3 58. Ne1 Bd5 59.
Nc2 Be4 60. Ne3 d5 61. Kf2 Kf4 62. Nd1 g4 0-1

[Event "IX Festival Open"]
[Site "Amantea ITA"]
[Date "2011.09.11"]
[Round "8"]
[White "Violi, Vincenzo"]
[Black "Brogneri, Giovanni"]
[Result "1-0"]
[WhiteElo "1828"]
[BlackElo "1736"]
[PlyCount "71"]
[EventDate "2011.09.04"]

1. e4 e6 2. d4 c5 3. Nf3 cxd4 4. Nxd4 a6 5. Nc3 b5 6. a3 Bb7 7. g3 Bc5 8. Nb3
Ba7 9. Bg2 Ne7 10. O-O Qc7 11. Re1 d6 12. Be3 Bxe3 13. Rxe3 Nbc6 14. Qe2 Ne5
15. Nd2 Rc8 16. f4 Nc4 17. Nxc4 Qxc4 18. Qd2 Qc5 19. Kh1 O-O 20. Rd3 b4 21.
axb4 Qxb4 22. Ra3 Ba8 23. Rb3 Qa5 24. Rxd6 Rfd8 25. Ra3 Rxd6 26. Qxd6 Qd8 27.
Qxd8+ Rxd8 28. Rxa6 Rb8 29. e5 Bxg2+ 30. Kxg2 g6 31. Na4 Nd5 32. c3 Ne3+ 33.
Kf3 Nd1 34. Rb6 Rxb6 35. Nxb6 Nxb2 36. Ke2 1-0

[Event "IX Festival Open"]
[Site "Amantea ITA"]
[Date "2011.09.11"]
[Round "8"]
[White "Vizza, Pietro"]
[Black "Rizzuti, Pasquale"]
[Result "1-0"]
[WhiteElo "1691"]
[BlackElo "1856"]
[PlyCount "157"]
[EventDate "2011.09.04"]

1. Nf3 Nf6 2. g3 g6 3. b4 a5 4. b5 b6 5. Bg2 Bb7 6. Bb2 Bg7 7. O-O O-O 8. c4 c5
9. Nc3 d6 10. d3 Nbd7 11. Nd2 Bxg2 12. Kxg2 Qc7 13. Qc2 Qb7+ 14. Kg1 h5 15. Nf3
Ng4 16. Ne4 Nge5 17. Nxe5 Nxe5 18. f4 Ng4 19. Bxg7 Kxg7 20. Qd2 f6 21. f5 Rh8
22. h3 Ne5 23. Qf4 Qd7 24. Rf2 gxf5 25. Qxf5 Qxf5 26. Rxf5 Kg6 27. Raf1 Raf8
28. Kg2 Rf7 29. a4 Rg8 30. Kh2 Rd8 31. Kg2 d5 32. cxd5 Rxd5 33. Nc3 Rd4 34.
R5f4 Rb4 35. Nd5 Rb2 36. R1f2 Nd7 37. Re4 e5 38. Rc4 Rd2 39. Kf3 f5 40. Ke3 Rd1
41. Rg2 Rb1 42. Kd2 Rh1 43. h4 Ra1 44. Kc2 Rg7 45. Kb2 Rf1 46. Ne3 Rh1 47. Rc1
Rxc1 48. Kxc1 Rf7 49. Nc4 Kf6 50. Rf2 Ke6 51. Kd2 Rg7 52. Rf3 Rf7 53. e4 fxe4
54. Rxf7 Kxf7 55. dxe4 Ke6 56. Ke3 Kf6 57. Kf3 Kg7 58. g4 Kg6 59. gxh5+ Kxh5
60. Kg3 Nf6 61. Nxb6 Nxe4+ 62. Kf3 Nd6 63. Ke3 c4 64. Nd7 Kxh4 65. Nxe5 Kg5 66.
Kd4 c3 67. Kxc3 Kf5 68. Nc4 Nb7 69. Nxa5 Nd6 70. Nc4 Nc8 71. b6 Ne7 72. b7 Nc6
73. Na5 Nb8 74. Kc4 Ke6 75. Kb5 Kd7 76. Kb6 Kd6 77. Nc4+ Kd7 78. a5 Kd8 79. Ne5
1-0